Hong Kong Life Tables 1971-2006

Guardado en:
Detalles Bibliográficos
Formato: Libro
Lenguaje:inglés
Publicado: Hong Kong Census and Statistics Department 1987
Edición:1. ed.
Etiquetas: Agregar Etiqueta
Sin Etiquetas, Sea el primero en etiquetar este registro!

MARC

LEADER 00000nam a2200000 4500
001 c026754
005 20221219115941.9
041 0 |a eng 
044 |a GB 
245 1 0 |a Hong Kong Life Tables 1971-2006 
250 |a 1. ed. 
264 1 |a Hong Kong  |b Census and Statistics Department  |c 1987 
300 |a 95 s.